[Event "Karpos Open 2013"]
[Site "Skopje MKD"]
[Date "2013.03.11"]
[Round "4.67"]
[White "Rudolf, Anna"]
[Black "Stefanov, Emil"]
[Result "1-0"]
[WhiteTitle "WGM"]
[WhiteElo "2292"]
[BlackElo "1893"]
[WhiteFideId "722855"]
[BlackFideId "2914794"]
[EventDate "2013.03.09"]

1. e4 c6 2. f4 d5 3. e5 h5 4. Be2 g6 5. Nf3 Bg4 6. c3 Bxf3 7. Bxf3 e6 8. Qb3 Qb6
9. d4 Nh6 10. Be3 Nf5 11. Bf2 Be7 12. g3 Qxb3 13. axb3 g5 14. fxg5 Bxg5 15. Ke2
Nd7 16. Na3 a6 17. b4 Nb6 18. b3 O-O-O 19. Nc2 Kc7 20. Ne1 Nd7 21. Nd3 Nf8 22.
Be1 Ng6 23. Bd2 Be7 24. Rhg1 Rdg8 25. Kd1 Kd7 26. Kc2 Kc7 27. Raf1 Kd7 28. Rf2
Ke8 29. Nc5 Bxc5 30. bxc5 Nge7 31. Bf4 Kd7 32. Be2 Rh7 1-0

[Event "Karpos Open 2013"]
[Site "Skopje MKD"]
[Date "2013.03.11"]
[Round "4.68"]
[White "Lazov, Toni"]
[Black "Mladenovic, Stefan"]
[Result "0-1"]
[WhiteElo "1927"]
[BlackElo "2292"]
[WhiteFideId "15000770"]
[BlackFideId "942227"]
[EventDate "2013.03.09"]

1. e4 c5 2. Nf3 d6 3. d4 cxd4 4. Nxd4 Nf6 5. Nc3 g6 6. Be3 Bg7 7. f3 O-O 8. Qd2
Nc6 9. Bc4 Bd7 10. O-O-O Rc8 11. Bb3 Nxd4 12. Bxd4 b5 13. Bxa7 b4 14. Nd5 Nxd5
15. Bxd5 Qc7 16. Be3 Ba4 17. b3 Bb5 18. e5 Bxe5 19. f4 Bc3 20. Qf2 Qa5 21. Kb1
Qa3 22. Bc1 Qxa2+ 0-1

[Event "Karpos Open 2013"]
[Site "Skopje MKD"]
[Date "2013.03.11"]
[Round "4.71"]
[White "Ozkan, Ervin"]
[Black "Ajrula, Adnan"]
[Result "1-0"]
[WhiteElo "2184"]
[BlackElo "1917"]
[WhiteFideId "6306004"]
[BlackFideId "15002713"]
[EventDate "2013.03.09"]

1. d4 Nf6 2. Bf4 c5 3. e3 d6 4. c3 cxd4 5. exd4 g6 6. Nf3 Bg7 7. Bc4 O-O 8. O-O
Bg4 9. Nbd2 Re8 10. Qb3 d5 11. Qxb7 Qd7 12. Qxd7 Nbxd7 13. Bb5 Red8 14. Rfe1 Kf8
15. h3 Be6 16. Ng5 Bf5 17. g4 h6 18. Ngf3 Be4 19. Nxe4 dxe4 20. Ne5 Nxe5 21.
Bxe5 a6 22. Bc6 Ra7 23. Bxe4 Nxe4 24. Rxe4 Rb7 25. Bxg7+ Kxg7 26. b3 a5 27. Rae1
e6 28. Re5 Rc8 29. R1e3 a4 30. b4 Kf8 31. Kf1 Kg7 32. Ke2 Rc6 33. Ra5 Rbc7 34.
Kd2 f5 35. gxf5 exf5 36. Rc5 Kf6 37. Rxc6+ Rxc6 38. d5 Rc8 39. Kd3 h5 40. f4 h4
41. c4 Kf7 42. c5 g5 43. fxg5 Rg8 44. d6 Rxg5 45. d7 1-0

[Event "Karpos Open 2013"]
[Site "Skopje MKD"]
[Date "2013.03.11"]
[Round "4.72"]
[White "Zdravkovic, Dragan S"]
[Black "Cherednichenko, Elena"]
[Result "0-1"]
[BlackTitle "WFM"]
[WhiteElo "1913"]
[BlackElo "2175"]
[WhiteFideId "912867"]
[BlackFideId "14105560"]
[EventDate "2013.03.09"]

1. e4 e5 2. Nf3 Nc6 3. Bb5 g6 4. c3 a6 5. Ba4 d6 6. d4 Bd7 7. d5 Nb8 8. Bg5 f6
9. Be3 Nh6 10. h3 Bg7 11. c4 O-O 12. Nc3 Bxa4 13. Qxa4 Nd7 14. b4 Nf7 15. c5 f5
16. c6 b5 17. Qb3 Nf6 18. Ng5 Nxg5 19. Bxg5 Qb8 20. Bxf6 Rxf6 21. O-O Bh6 22.
Rad1 Qb6 23. Kh2 Raf8 24. Qc2 R6f7 25. Qe2 Bf4+ 26. g3 Bh6 27. exf5 gxf5 0-1

[Event "Karpos Open 2013"]
[Site "Skopje MKD"]
[Date "2013.03.11"]
[Round "4.74"]
[White "Krstevski, Vlatko"]
[Black "Georgieva, Emilia"]
[Result "1-0"]
[WhiteElo "2154"]
[BlackElo "1904"]
[WhiteFideId "15001237"]
[BlackFideId "2902451"]
[EventDate "2013.03.09"]

1. e4 c6 2. d4 d5 3. e5 Bf5 4. Bd3 Bxd3 5. Qxd3 Qa5+ 6. c3 Qa6 7. Qc2 e6 8. Ne2
Nd7 9. O-O Ne7 10. Ng3 O-O-O 11. b4 Kb8 12. a4 h5 13. Na3 h4 14. Ne2 Ka8 15. Be3
Nf5 16. b5 Qa5 17. Bd2 Qc7 18. bxc6 bxc6 19. c4 g6 20. cxd5 exd5 21. Rab1 c5 22.
Nb5 Qc6 23. Qb3 c4 24. Qf3 Be7 25. Nc7+ 1-0

[Event "Karpos Open 2013"]
[Site "Skopje MKD"]
[Date "2013.03.11"]
[Round "4.75"]
[White "Tairi, Asip"]
[Black "Steil-Antoni, Fiona"]
[Result "0-1"]
[BlackTitle "WIM"]
[WhiteElo "1898"]
[BlackElo "2152"]
[WhiteFideId "15001105"]
[BlackFideId "4001249"]
[EventDate "2013.03.09"]

1. Nf3 d6 2. d4 Bg4 3. c3 Nd7 4. e4 e5 5. Bc4 Nb6 6. Bb5+ c6 7. Be2 Qc7 8. Be3
Nf6 9. Qc2 Be7 10. Nbd2 h6 11. h3 Be6 12. Nh2 g5 13. b3 O-O-O 14. c4 Kb8 15. Qb2
Rhe8 16. d5 Bc8 17. f3 Nh5 18. Bf2 Nf4 19. Bf1 h5 20. Be3 Rg8 21. g4 hxg4 22.
Bxf4 exf4 23. fxg4 Nd7 24. Rc1 Bf6 25. Qc2 Rde8 26. Bg2 Qb6 27. Qd3 Nc5 28. Qe2
Bd7 29. Kd1 Re7 30. Re1 Rge8 31. Qf3 Qa6 32. Rc2 cxd5 33. cxd5 Bb5 34. Rxc5 dxc5
35. a4 Bd3 36. Bf1 Bxf1 37. Nhxf1 Bd4 38. Nc4 b5 39. axb5 Qa1+ 40. Kd2 Qa2+ 41.
Kc1 Be3+ 42. Rxe3 fxe3 43. Qg3+ Rc7 44. Nfxe3 Qxb3 45. e5 Qc3+ 46. Kd1 Qd4+ 47.
Ke2 Rh8 48. e6 fxe6 49. dxe6 Re8 50. Ne5 Qb2+ 51. Kf3 Rxe6 52. Nc6+ Kc8 0-1

[Event "Karpos Open 2013"]
[Site "Skopje MKD"]
[Date "2013.03.11"]
[Round "4.76"]
[White "Stosevski, Ilija"]
[Black "Batkoski, Nenad"]
[Result "0-1"]
[WhiteElo "2136"]
[BlackElo "1901"]
[WhiteFideId "15000761"]
[BlackFideId "15002780"]
[EventDate "2013.03.09"]

1. Nf3 Nc6 2. g3 e5 3. Bg2 Bc5 4. d3 d6 5. c3 Bb6 6. O-O Bg4 7. Nbd2 d5 8. a4 f5
9. a5 Bxa5 10. Nxe5 Nxe5 11. Rxa5 c6 12. Qa4 Nd7 13. Rxa7 Rb8 14. Nf3 Ngf6 15.
e4 O-O 16. Ng5 fxe4 17. dxe4 h6 18. exd5 0-1

[Event "Karpos Open 2013"]
[Site "Skopje MKD"]
[Date "2013.03.11"]
[Round "4.78"]
[White "Krstev, Emil"]
[Black "Cvetkovski, Slobodan"]
[Result "0-1"]
[WhiteElo "2126"]
[BlackElo "1890"]
[WhiteFideId "15000958"]
[BlackFideId "15001202"]
[EventDate "2013.03.09"]

1. b4 d5 2. Bb2 e6 3. Nf3 Nf6 4. b5 Bd7 5. e3 a6 6. a4 c5 7. c4 axb5 8. axb5
Rxa1 9. Bxa1 dxc4 10. Bxc4 Be7 11. Qa4 O-O 12. Qa7 Qc8 13. Nc3 Bd6 14. O-O Qc7
15. Na4 Nd5 16. e4 Nb4 17. e5 Be7 18. Rc1 Bc8 19. Bb2 Nd7 20. d4 cxd4 21. Bxe6
Qxc1+ 22. Bxc1 fxe6 23. Qxd4 Nd5 24. Ng5 Nc7 25. b6 Bxg5 26. Bxg5 Nd5 27. Bc1
Nb8 28. f4 Nc6 29. Qe4 g6 30. g3 Bd7 31. Ba3 Ra8 32. Bd6 Nd8 33. Nc5 Ra1+ 34.
Kg2 Bc6 35. Kh3 Rf1 36. Bc7 Nxf4+ 37. Qxf4 Rxf4 38. gxf4 Nf7 39. Kh4 Bd5 40. Nd7
Kg7 41. Bd6 Bc6 42. Nc5 Bd5 43. Be7 Nh6 44. Bf6+ Kf7 45. Kg3 Nf5+ 46. Kf2 Nh6
47. Bg5 Ng4+ 48. Kg3 Ne3 49. Bd8 h6 50. Kf2 Ng4+ 51. Kg1 Ne3 52. h3 Nc4 53. Kf2
g5 54. fxg5 hxg5 55. Bxg5 Nxb6 56. h4 Kg6 57. Kg3 Kf5 58. Bf6 Nc4 59. h5 Nxe5
60. Bxe5 Kxe5 61. h6 Kf6 62. h7 Kg7 63. Kf4 b5 64. Nd3 Kxh7 65. Ke5 Kg7 66. Nb4
Bc4 67. Na6 Kf7 68. Nb4 Ke7 69. Nc6+ Kd7 70. Nb4 Kc7 71. Na6+ Kb6 72. Nb4 Ka5
73. Nc6+ Ka4 74. Kd4 Bd5 75. Ne5 b4 76. Nd3 Ka3 77. Ke3 b3 78. Kd2 b2 79. Nxb2
Kxb2 0-1

[Event "Karpos Open 2013"]
[Site "Skopje MKD"]
[Date "2013.03.11"]
[Round "4.79"]
[White "Hristovski, Srdzan"]
[Black "Stoilkovski, Jordan"]
[Result "1-0"]
[WhiteElo "2122"]
[BlackElo "1862"]
[WhiteFideId "15001148"]
[BlackFideId "15002209"]
[EventDate "2013.03.09"]

1. d4 d5 2. Nf3 Bf5 3. c4 c6 4. Nc3 e6 5. g3 Nf6 6. Bg2 Ne4 7. O-O Nd7 8. Nh4
Nxc3 9. bxc3 Be7 10. Nxf5 exf5 11. cxd5 cxd5 12. Bxd5 h5 13. Qb3 h4 14. Bxf7+
Kf8 15. Bg6 1-0

[Event "Karpos Open 2013"]
[Site "Skopje MKD"]
[Date "2013.03.11"]
[Round "4.80"]
[White "Ilic, Slobodan S"]
[Black "Yildiz, Mustafa"]
[Result "1-0"]
[WhiteElo "2109"]
[BlackElo "1858"]
[WhiteFideId "912883"]
[BlackFideId "6302998"]
[EventDate "2013.03.09"]

1. c4 c5 2. Nc3 Nf6 3. Nf3 Nc6 4. g3 e6 5. Bg2 d5 6. cxd5 exd5 7. d4 Be7 8. O-O
O-O 9. dxc5 Bxc5 10. Bg5 Be6 11. Qa4 h6 12. Bf4 Qe7 13. Ne5 Nxe5 14. Bxe5 Nd7
15. Bf4 Nb6 16. Qd1 Rfd8 17. a3 Rac8 18. b4 Bxf2+ 19. Rxf2 Rxc3 20. Be5 Rcc8 21.
Bd4 Nc4 22. Qd3 b6 23. Raf1 Qd7 24. Bxg7 Kxg7 25. Qd4+ Kh7 26. Rf6 Rg8 27. Bh3
Nd6 28. Qh4 Rg6 29. Bxe6 Qd8 30. Bxc8 Qxc8 31. Rxg6 fxg6 32. Qe7+ 1-0

[Event "Karpos Open 2013"]
[Site "Skopje MKD"]
[Date "2013.03.11"]
[Round "4.81"]
[White "Arizanov, Tome"]
[Black "Nikolovska, Dragana"]
[Result "0-1"]
[WhiteElo "2099"]
[BlackElo "1821"]
[WhiteFideId "15000079"]
[BlackFideId "15000133"]
[EventDate "2013.03.09"]

1. Nf3 Nf6 2. g3 b5 3. Bg2 Bb7 4. O-O e6 5. d3 Be7 6. a4 bxa4 7. Rxa4 O-O 8. c4
c5 9. Bd2 Nc6 10. Na3 d6 11. Nc2 Rb8 12. b4 Nxb4 13. Bxb4 cxb4 14. Rxb4 a5 15.
Rb2 Qc7 16. Nfd4 Bxg2 17. Rxb8 Rxb8 18. Kxg2 d5 19. cxd5 Nxd5 20. e4 Nc3 21. Qc1
Rb1 22. Qd2 Rxf1 23. Kxf1 a4 24. Qc1 h6 25. Qb2 Qc5 26. Ne2 Nxe2 27. Kxe2 a3 28.
Qb3 Qa5 29. Qa2 Qc3 0-1

[Event "Karpos Open 2013"]
[Site "Skopje MKD"]
[Date "2013.03.11"]
[Round "4.82"]
[White "Nisic, Miroslav"]
[Black "Pencheva, Iva"]
[Result "1-0"]
[WhiteElo "2079"]
[BlackElo "1803"]
[WhiteFideId "948578"]
[BlackFideId "2906457"]
[EventDate "2013.03.09"]

1. d4 d5 2. Nf3 Bf5 3. Bf4 e6 4. e3 Nc6 5. c4 Bd6 6. Bg5 f6 7. Bh4 Nh6 8. cxd5
exd5 9. Nc3 Ne7 10. Qb3 Rb8 11. Nb5 Nf7 12. Rc1 c6 13. Nxd6+ Nxd6 14. Bg3 Qa5+
15. Rc3 Nec8 16. Be2 Ra8 17. O-O Qb6 18. Nh4 Qxb3 19. Rxb3 Be6 20. a4 a5 21. Nf3
Bg4 22. h3 Bh5 23. Bd3 Ra7 24. Nd2 Bf7 25. f3 Kd7 26. Rc3 Nb6 27. b3 Re8 28. e4
dxe4 29. fxe4 Be6 30. Rfc1 Rc8 31. Bf2 Raa8 32. d5 Nxd5 33. exd5 Bxd5 34. Bxh7
Rh8 35. Bd3 Rae8 36. Bc4 Ne4 37. Nxe4 Bxe4 38. Bb6 1-0

[Event "Karpos Open 2013"]
[Site "Skopje MKD"]
[Date "2013.03.11"]
[Round "4.83"]
[White "Konstantinov, Aleksandar2"]
[Black "Spirliadis, Achileas"]
[Result "1/2-1/2"]
[WhiteElo "1796"]
[BlackElo "2076"]
[WhiteFideId "15000060"]
[BlackFideId "4215770"]
[EventDate "2013.03.09"]

1. c4 Nf6 2. Nc3 e5 3. d3 Bb4 4. g3 d5 5. cxd5 Qxd5 6. Nf3 O-O 7. Bg2 c6 8. O-O
Qd6 9. a3 Bxc3 10. bxc3 Rd8 11. d4 exd4 12. cxd4 Bg4 13. Bf4 Qe7 14. h3 Bxf3 15.
Bxf3 Nd5 16. Bd2 Nb6 17. e3 N8d7 18. Ba5 Qg5 19. Bxb6 Nxb6 20. Qb3 Rab8 21. Rab1
Nd5 22. Rfc1 Qf6 23. Bg2 a6 24. e4 Ne7 25. d5 cxd5 26. exd5 Qd6 27. Rd1 b5 28.
Qb4 Rbc8 29. a4 Rc5 30. axb5 axb5 31. Qa5 Rb8 32. Qa7 Nc8 33. Qa2 Nb6 34. Qa3
Ra8 35. Qd3 Nc4 36. Ra1 Rcc8 37. Rxa8 Rxa8 38. Qb3 Rb8 39. Bf1 Na5 40. Qa2 Nb7
41. Bxb5 Qc5 42. Bf1 Nd6 43. Qa6 Ne4 44. Qe2 Nc3 45. Qe5 Rd8 46. Rd3 Nb5 47. Rb3
Nd4 48. Re3 f6 49. Qe7 Qxe7 50. Rxe7 Nf3+ 51. Kg2 Nd2 52. Rc7 Rxd5 53. Bc4 Nxc4
54. Rxc4 Kf7 55. Rc7+ Kg6 56. Kf3 Rf5+ 57. Kg2 Ra5 58. Kf3 h5 59. Rc4 Kf5 60.
Rf4+ Kg5 61. Rc4 Ra3+ 62. Kg2 Kh6 63. Rc5 g5 64. Rb5 Ra4 65. Rc5 h4 66. g4 Kg6
67. Rc7 Ra6 68. Rc5 Kf7 69. Rc7+ Ke6 70. Rc5 Rd6 71. Ra5 Rd5 72. Ra6+ Ke5 73.
Ra3 f5 74. gxf5 Kxf5 75. Rf3+ Kg6 76. Rf8 Rc5 77. Rg8+ Kf5 78. Rf8+ Ke5 79. Re8+ 1/2-1/2

[Event "Karpos Open 2013"]
[Site "Skopje MKD"]
[Date "2013.03.11"]
[Round "4.85"]
[White "Karatrajkov, Nikola"]
[Black "Hadzi - Manev, Ljubomir"]
[Result "0-1"]
[BlackTitle "FM"]
[WhiteElo "1777"]
[BlackElo "2071"]
[WhiteFideId "15002950"]
[BlackFideId "15000443"]
[EventDate "2013.03.09"]

1. e4 c5 2. Nf3 e6 3. c4 b6 4. Nc3 Bb7 5. d4 cxd4 6. Nxd4 d6 7. Be2 Nd7 8. Bf3
a6 9. Bh5 g6 10. Bf3 Rc8 11. Be2 Bg7 12. Nf3 Nc5 13. Bg5 Qc7 14. Qc2 Nf6 15. Nd2
O-O 16. O-O Rfe8 17. Bf3 Ncd7 18. Bf4 h5 19. Qd3 Ne5 20. Bxe5 dxe5 21. Be2 Nd7
22. b4 Red8 23. Qb1 Nb8 24. Rd1 Nc6 25. c5 bxc5 26. b5 Nd4 27. b6 Nxe2+ 28. Nxe2
Qc6 29. f3 c4 30. Nc3 Rd3 31. Qb2 Qc5+ 32. Kf1 Qd4 33. Rac1 Bh6 34. Rc2 Rd8 35.
Ke2 Qe3+ 36. Kf1 Rxd2 37. Rdxd2 Rxd2 38. Rxd2 Qxd2 39. Qxd2 Bxd2 40. Na4 Be3 41.
Ke2 Bd4 42. Kd2 Bc6 0-1

[Event "Karpos Open 2013"]
[Site "Skopje MKD"]
[Date "2013.03.11"]
[Round "4.86"]
[White "Anastasovski, Nikola"]
[Black "Gjeorgjievski, Done"]
[Result "1-0"]
[WhiteElo "2065"]
[BlackElo "1779"]
[WhiteFideId "2605503"]
[BlackFideId "15002748"]
[EventDate "2013.03.09"]

1. e4 Nf6 2. e5 Nd5 3. c4 Nb6 4. d4 d6 5. f4 dxe5 6. fxe5 Nc6 7. Be3 Bf5 8. Nc3
e6 9. Be2 Be7 10. Nf3 O-O 11. O-O f6 12. exf6 Bxf6 13. d5 Ne5 14. Bxb6 axb6 15.
Nd4 Qe7 16. Nxf5 exf5 17. d6 Qd8 18. Rxf5 c6 19. Ne4 Nd7 20. Nxf6+ Rxf6 21. Bg4
Qe8 22. Qd2 Rd8 23. Re1 Qf8 24. Rxf6 Nxf6 25. Be6+ Kh8 26. d7 h6 27. b4 Qe7 28.
Bf5 Qf7 29. Qd6 Qxc4 30. Qe7 Qg8 31. Be6 Qf8 32. Bf5 Qxe7 33. Rxe7 Kg8 34. Be6+
Kf8 35. Rf7+ 1-0

[Event "Karpos Open 2013"]
[Site "Skopje MKD"]
[Date "2013.03.11"]
[Round "4.87"]
[White "Aksoy, Ayca"]
[Black "Orehek, Spela"]
[Result "0-1"]
[WhiteElo "1707"]
[BlackElo "2062"]
[WhiteFideId "6355978"]
[BlackFideId "14605872"]
[EventDate "2013.03.09"]

1. Nf3 d6 2. d4 Nf6 3. Nc3 g6 4. e4 Bg7 5. Be3 Nbd7 6. Qd2 c6 7. Bh6 O-O 8. h4
b5 9. Bd3 e5 10. h5 Re8 11. hxg6 fxg6 12. Bxg7 Kxg7 13. Qh6+ Kg8 14. O-O-O Qa5
15. Kb1 Nf8 16. Qh4 Kg7 17. Qh6+ Kg8 18. Qh4 Ng4 19. dxe5 dxe5 20. Ng5 Qc7 21.
Be2 Nf6 22. f3 Qe7 23. Nh3 a5 24. Nf2 a4 25. Ng4 Nxg4 26. Qxe7 Rxe7 27. fxg4 b4
28. Bc4+ Kg7 29. Ne2 Bxg4 30. Rd6 Rc8 31. Rf1 Ne6 32. Bxe6 Bxe6 33. Nc1 c5 34.
Nd3 Bc4 35. b3 Bxd3 36. Rxd3 c4 37. Re3 cxb3 38. cxb3 a3 39. Rd3 Rec7 40. Rd2 h5
41. Re1 Kf6 42. Rf2+ Kg5 43. Rd2 Kg4 44. Rde2 g5 45. Rf1 h4 46. Rd2 Rc3 47. Re2
Kg3 48. Rh1 g4 49. Rf1 h3 50. gxh3 Kxh3 51. Rh1+ Kg3 52. Rf1 Rf3 53. Rg1+ Kf4
54. Rh1 g3 0-1

[Event "Karpos Open 2013"]
[Site "Skopje MKD"]
[Date "2013.03.11"]
[Round "4.88"]
[White "Ilic, Slobodan R"]
[Black "Zhezhov, Emil"]
[Result "1/2-1/2"]
[WhiteElo "2052"]
[BlackElo "1769"]
[WhiteFideId "941832"]
[BlackFideId "15001318"]
[EventDate "2013.03.09"]

1. e4 d6 2. c4 g6 3. Nc3 Bg7 4. d4 a6 5. Nf3 Nd7 6. Be2 e6 7. O-O b6 8. Bg5 Ne7
9. Qd2 h6 10. Be3 Bb7 11. Ne1 Nf6 12. d5 c5 13. a4 Qc7 14. Rb1 Rd8 15. Nc2 Bc8
16. b4 exd5 17. bxc5 bxc5 18. cxd5 Ng4 19. Bxg4 Bxg4 20. Na3 Kf8 21. Nc4 Nc8 22.
Rb2 Qe7 23. f3 Bd7 24. Rb7 Qf6 25. e5 Qh4 26. Ne4 Kg8 27. g3 Qh5 28. exd6 Kh7
29. Nxc5 Bh3 30. Rf2 Nxd6 31. Nxd6 Rxd6 32. Rxf7 Rb8 33. Qc3 Rb1+ 34. Bc1 Rxc1+
35. Qxc1 Qxd5 36. Rxg7+ Kxg7 37. Qc3+ Kh7 38. Re2 Qd1+ 39. Re1 Qd4+ 40. Qxd4
Rxd4 41. Re7+ Kg8 42. Kf2 Rc4 43. Nxa6 Rxa4 44. Nc5 Ra2+ 45. Re2 Ra1 46. g4 h5
47. Kg3 hxg4 48. fxg4 Bf1 49. Rf2 Bc4 50. Kh4 Kg7 51. Nd7 Be6 52. Re2 Bxd7 53.
Re7+ Kf6 54. Rxd7 Ra6 55. Rd5 Ra4 56. Rd6+ Kg7 57. Kg5 Ra5+ 58. Kf4 Rb5 59. Kf3
Rb4 60. h4 Ra4 61. Re6 Ra3+ 62. Kf4 Ra4+ 63. Re4 Ra5 64. Rd4 Rb5 65. Rd7+ Kg8
66. g5 Ra5 67. Ke4 Rf5 68. Rd5 Rf1 69. Ke5 Kg7 70. Rd7+ Kg8 71. Ke6 Rf2 1/2-1/2

[Event "Karpos Open 2013"]
[Site "Skopje MKD"]
[Date "2013.03.11"]
[Round "4.90"]
[White "Manelidou, Maria"]
[Black "Nikolov, Kole"]
[Result "1-0"]
[WhiteElo "2029"]
[BlackElo "1711"]
[WhiteFideId "4212240"]
[BlackFideId "15002764"]
[EventDate "2013.03.09"]

1. e4 d5 2. exd5 Qxd5 3. Nc3 Qa5 4. Bc4 Nf6 5. d3 Bg4 6. f3 Bh5 7. Bd2 c6 8. Qe2
Nbd7 9. Nb5 Qb6 10. Nd6+ Kd8 11. Nxf7+ Bxf7 12. Bxf7 Qxb2 13. Qd1 b6 14. Ne2 Qe5
15. d4 Qf5 16. Ng3 Qb5 17. c4 Qa6 18. Qc2 h5 19. h4 Qb7 20. f4 Qa6 21. Nxh5 Nxh5
22. Bxh5 Qa3 23. Bf3 Rc8 24. Qc3 e6 25. Bg4 Bb4 26. Qxa3 Bxa3 27. Bc3 Ke7 28. g3
c5 29. d5 exd5 30. cxd5 Kd6 31. Kf2 Bb4 32. Bxg7 Rhg8 33. Be5+ Nxe5 34. fxe5+
Kxe5 35. Bxc8 Rxc8 36. Rad1 Bc3 37. h5 Bd4+ 38. Kg2 Kxd5 39. h6 Ke4 40. h7 Rh8
41. Rdf1 b5 42. g4 a5 43. g5 a4 44. Rh4+ Ke3 45. Rxd4 1-0

[Event "Karpos Open 2013"]
[Site "Skopje MKD"]
[Date "2013.03.11"]
[Round "4.91"]
[White "Steil, Raymond"]
[Black "Minas, Ioannis"]
[Result "0-1"]
[WhiteElo "1681"]
[BlackElo "2019"]
[WhiteFideId "4001281"]
[BlackFideId "4251857"]
[EventDate "2013.03.09"]

1. Nf3 Nc6 2. c4 d6 3. g3 Nf6 4. Bg2 h5 5. h4 Bg4 6. Nc3 e5 7. d3 Qc8 8. Rb1 Be7
9. b4 O-O 10. O-O Bh3 11. Bg5 Bxg2 12. Kxg2 Nd8 13. Bxf6 Bxf6 14. Nd5 c6 15.
Nxf6+ gxf6 16. e4 Qg4 17. Nh2 Qxd1 18. Rbxd1 Ne6 19. Nf3 Rfc8 20. d4 a5 21. b5
cxb5 22. cxb5 Rc2 23. dxe5 dxe5 24. Rd7 Rb8 25. Rd2 Rxd2 26. Nxd2 Rc8 27. Nb3 a4
28. Na5 Rc5 29. Nxb7 Rxb5 30. Nd6 Rb2 31. Rc1 Rxa2 32. Rc8+ Kg7 33. Nf5+ Kh7 34.
Ra8 Nc5 35. Nd6 Rd2 36. Nxf7 Nxe4 37. Rxa4 Nxf2 38. Kf1 Ng4 39. Ra7 Kg6 40. Nh8+
Kf5 41. Rh7 Ke4 42. Rxh5 Kf3 43. Ke1 Re2+ 44. Kd1 Ne3+ 45. Kc1 Kxg3 46. Ng6 Rc2+
47. Kb1 Rc7 48. Rh8 e4 49. Rg8 Ng4 50. h5 e3 51. Re8 Rh7 52. Ne7 e2 53. Nf5+ Kf2 0-1

[Event "Karpos Open 2013"]
[Site "Skopje MKD"]
[Date "2013.03.11"]
[Round "4.92"]
[White "Ipekci, Baris"]
[Black "Semsiu, Agim"]
[Result "0-1"]
[WhiteElo "1671"]
[BlackElo "2010"]
[WhiteFideId "6302823"]
[BlackFideId "15002888"]
[EventDate "2013.03.09"]

1. e4 c5 2. Nf3 Nc6 3. d4 cxd4 4. Nxd4 d6 5. Nc3 Nf6 6. Bc4 e6 7. Bb3 Be7 8. Be3
a6 9. f3 Qc7 10. Qd2 Bd7 11. O-O-O O-O 12. g4 Nxd4 13. Bxd4 e5 14. Be3 Be6 15.
h4 b5 16. Kb1 Nd7 17. Nd5 Bxd5 18. Bxd5 Rac8 19. g5 Nb6 20. Bxb6 Qxb6 21. h5 Rc7
22. g6 h6 23. gxf7+ Kh8 24. Rhg1 Rfc8 25. Rg6 Bf8 26. Rdg1 Rxc2 27. Rxh6+ gxh6
28. Rg8+ Kh7 29. Rxf8 Qg1+ 0-1

[Event "Karpos Open 2013"]
[Site "Skopje MKD"]
[Date "2013.03.11"]
[Round "4.95"]
[White "Velikic, Adela"]
[Black "Lakinska, Simona"]
[Result "0-1"]
[WhiteElo "1990"]
[BlackElo "1673"]
[WhiteFideId "913553"]
[BlackFideId "15001695"]
[EventDate "2013.03.09"]

1. e4 e5 2. Nf3 Nc6 3. Bb5 a6 4. Ba4 Nf6 5. O-O b5 6. Bb3 Be7 7. Re1 d6 8. c3
O-O 9. a4 Bb7 10. d4 h6 11. Nbd2 Re8 12. Qe2 exd4 13. cxd4 b4 14. a5 Rb8 15. Ba4
Rf8 16. Bc2 Re8 17. Nf1 Bf8 18. Qd1 Bc8 19. h3 Na7 20. Ng3 c5 21. dxc5 dxc5 22.
Bf4 Rb7 23. Ne5 Qxd1 24. Raxd1 g5 25. Be3 Rxe5 26. f4 gxf4 27. Bxf4 Ree7 28. e5
Nh7 29. Rd8 Ng5 30. Nh5 Ne6 31. Nf6+ Kh8 32. Rxf8+ Nxf8 33. Bxh6 Ng6 34. Nh5 Kh7
35. Bg5 Nb5 36. Nf4 Nd4 37. Be4 Ra7 38. Nd5 Re6 39. Nb6 Bb7 40. Bb1 Kg8 41. Bf6
Nf4 42. Re3 Nde2+ 43. Kf2 Bxg2 44. Bf5 Re8 45. Bg4 Nd4 46. Kg3 Nd5 47. Nxd5 Bxd5
48. Kf2 Be6 49. Bd1 Nf5 50. Re4 Ne7 51. h4 Rd8 52. Bf3 Rd2+ 53. Kg1 Rd4 54. Re2
Rad7 55. Rg2+ Kh7 56. h5 Bd5 57. Rg7+ Kh6 58. Bg4 Rxg4+ 59. Rxg4 Kxh5 60. Rh4+
Kg6 61. Kf2 Be6 62. Rh1 Nc6 63. Ke3 Bc4 64. Rc1 Rd3+ 65. Kf2 Nxa5 66. Be7 Rd2+
67. Ke3 Re2+ 68. Kf4 Rf2+ 69. Ke3 Rxb2 70. Kf4 Rf2+ 71. Ke3 Re2+ 72. Kf4 0-1

[Event "Karpos Open 2013"]
[Site "Skopje MKD"]
[Date "2013.03.12"]
[Round "5.3"]
[White "Romanov, Evgeny"]
[Black "Georgiev, Kiril"]
[Result "0-1"]
[WhiteTitle "GM"]
[BlackTitle "GM"]
[WhiteElo "2603"]
[BlackElo "2657"]
[WhiteFideId "4148843"]
[BlackFideId "2900017"]
[EventDate "2013.03.09"]

1. c4 e6 2. g3 d5 3. Bg2 Nf6 4. Nf3 Be7 5. O-O O-O 6. Qc2 b6 7. d4 Bb7 8. Ne5
Qc8 9. cxd5 Nxd5 10. Nd3 Nc6 11. Bxd5 exd5 12. e3 a5 13. Nf4 Nb4 14. Qd1 Ba6 15.
Re1 g5 16. a3 gxf4 17. axb4 Bxb4 18. Bd2 fxg3 19. hxg3 Qf5 20. Bxb4 axb4 21. Nd2
Bb5 22. Rc1 Rac8 23. e4 dxe4 24. Rxe4 Kh8 25. Qb3 c5 26. Re5 Qd7 27. Nf3 f6 28.
Rh5 Ba4 29. Qd3 Qf7 30. Rh6 c4 31. Qd2 Bc6 32. Nh4 Rg8 33. Qf4 Rcf8 34. Nf5 b5
35. Qd6 Qd5 36. Qxd5 Bxd5 37. Re1 Re8 38. Ne3 Rg6 39. Rh4 c3 40. bxc3 bxc3 41.
Rh5 Rg5 42. Rxg5 fxg5 43. Rc1 Rxe3 44. fxe3 b4 45. Kf2 Be4 46. d5 Bxd5 47. e4
Bxe4 48. Ke3 b3 0-1

[Event "Karpos Open 2013"]
[Site "Skopje MKD"]
[Date "2013.03.12"]
[Round "5.7"]
[White "Rodshtein, Maxim"]
[Black "Jankovic, Alojzije"]
[Result "1/2-1/2"]
[WhiteTitle "GM"]
[BlackTitle "GM"]
[WhiteElo "2615"]
[BlackElo "2538"]
[WhiteFideId "2806851"]
[BlackFideId "14505959"]
[EventDate "2013.03.09"]

1. Nf3 Nf6 2. c4 e6 3. g3 d5 4. d4 c5 5. cxd5 cxd4 6. dxe6 Bxe6 7. Bg2 Bb4+ 8.
Nbd2 Nc6 9. O-O Bc5 10. a3 a5 11. Qc2 Ba7 12. Ne4 h6 13. Nc5 Bd5 14. e4 dxe3 15.
Bxe3 O-O 16. Rac1 Qe7 17. Rfe1 Rfc8 18. Qf5 Qf8 19. Nd7 Nxd7 20. Qxd5 Bxe3 21.
Rxe3 Nf6 22. Qb3 Rab8 23. Ree1 Re8 24. Red1 Qe7 25. Nd4 Nxd4 26. Rxd4 b6 27.
Rdc4 Qe6 28. R4c3 Qe5 29. Bf3 g5 30. Rc6 Kg7 31. h3 Red8 32. Qc3 Nd7 33. Rc7
Qxc3 34. R1xc3 Ne5 35. Bh5 Rd7 36. Rxd7 Nxd7 37. Rc7 Ne5 38. Kf1 Rd8 39. Ke2 Rd6
40. Ke3 Kf6 41. f4 gxf4+ 42. gxf4 Ng6 43. b4 axb4 44. axb4 Ne7 45. Ke4 Re6+ 46.
Kf3 Re3+ 47. Kxe3 Nd5+ 48. Ke4 1/2-1/2